| 000 | 00971nam a22002771i 4500 | ||
|---|---|---|---|
| 005 | 20210324145543.0 | ||
| 008 | 210324t2020 my |||g ||| 001 0 may d | ||
| 020 |
_a9789834901417 _cRM 35.00 _qpaperback |
||
| 040 |
_aPPAK _beng _cPPAK _erda |
||
| 082 | 0 | 4 |
_223 _a332.088297 |
| 090 | 0 | 0 |
_a332.088297 _bMUH _dG |
| 100 | 0 |
_aMuhammad Ridhwan Ab. Aziz, _eauthor. |
|
| 245 | 1 | 0 |
_aKONSEP DAN APLIKASI FIQH MUAMALAT DALAM SISTEM PERBANKAN DAN KEWANGAN ISLAM / _cMUHAMMAD RIDHWAN AB. AZIZ |
| 264 | 1 |
_aKuala Lumpur : _bDewan Bahasa dan Pustaka , _c2020 |
|
| 264 | 4 | _c©2020 | |
| 300 |
_axiv, 234 pages ; _c22 cm. |
||
| 336 |
_2rdacontent _atext |
||
| 337 |
_2rdamedia _aunmediated |
||
| 338 |
_2rdacarrier _avolume |
||
| 500 | _aincludes index. | ||
| 504 | _aBibliography: pages 225 - 229. | ||
| 650 | 1 | 0 |
_aFinance _xReligious aspects _xIslam. |
| 650 | 2 | 0 |
_aBanks and banking _xReligious aspects _xIslam. |
| 650 | 2 | 0 |
_aEconomics _xReligious aspects _xIslam. |
| 942 |
_2ddc _cB |
||
| 999 |
_c182930 _d182930 |
||